00494nam a2200181Ia 45000010005000000080041000050820008000461000021000542450056000752500014001312600045001453000028001905040009002186530022002276530019002496530019002686530025002877580170224s1992 ii a g b000 u 465 u a320 aKhosla, Renuka . 0aUrban Politics /cRenuka Khosla.hTextual Documents a1st ed. / aNew Delhi :bS. Chand & Company ,c1992. a210p. :bill. ;c22cm . aBib. aPolitical Science aPolitics-Urban aUrban Politics aPG-Political Science